Capitali quasi impossibili da scrivere (e da pronunciare) - Statistics

Statistiche generali
  • Questo quiz è stato fatto 116 volte
  • Il punteggio medio è 12 su 20
Statistiche sulle risposte
Paese Capitale % Corretto
Danimarca Copenaghen
90%
Corea del Nord Pyongyang
89%
Madagascar Antananarivo
84%
Islanda Reykjavík
82%
Honduras Tegucigalpa
78%
Ciad N'Djamena
73%
Burkina-Faso Ouagadougou
67%
Cambogia Phnom Penh
67%
Suriname Paramaribo
65%
Brunei Bandar Seri Begawan
63%
Namibia Windhoek
59%
Costa d'Avorio Yamoussoukro
55%
Turkmenistan Ashgabat
53%
Mauritania Nouakchott
53%
Tuvalu Funafuti
47%
Palau Ngerulmud
47%
Tonga Nuku'alofa
47%
Sudafrica (giudiziaria) Bloemfontein
42%
Sri Lanka Sri Jayawardenapura Kotte
41%
Myanmar Naypyidaw
38%
Nessun quiz corrispondente trovato
Distribuzione punteggi
Percentuale di utenti per punteggio
Percentile per numero di risposta
I tuoi punteggi nel tempo
Non hai fatto questo quiz